プロ野球スピリッツA【プロスピA】 表ステータスがS能力圏内の投手名 - Statistics

General Stats
  • This quiz has been taken 127 times
    46 since last reset
  • The average score is 9 of 19
Answer Stats
球団名 登場レアリティ 概要 選手名 % Correct
阪神 セレクション
OB
TS
球威A(89) 藤川球児
88%
巨人 エキサイティングB9&TH パワプロチャンピオンシップ 制球A(87)スタミナA(87) 菅野智之
82%
巨人 OB 球威A(89) 沢村栄治
71%
楽天 アニバーサリーエキサイティング B9&TH パワプロチャンピオンシップ セレクション 通常 侍ジャパン スタミナA(87) 則本昂大
71%
日本ハム エキサイティング 制球A(87) 加藤貴之
59%
広島 TS 球威A(87) D.サファテ
56%
ソフトバンク OBTS アニバーサリー 通常 B9&TH 球威A(89) D.サファテ
56%
巨人 OB 制球A(87) 上原浩治
53%
阪神 OB スタミナA(87) 村山実
50%
DeNA OB 球威A(87) 佐々木主浩
47%
巨人 OBTS スタミナA(87) 斎藤雅樹
44%
阪神 セレクション スタミナA(87) R.メッセンジャー
38%
中日 セレクション 制球A(87) 吉見一起
35%
阪神 通常 球威A(88) 呉昇桓
32%
中日 OB スタミナA(87) 権藤博
26%
西武 OB スタミナA(88) 稲尾和久
26%
阪神 OB 球威A(87) 江夏豊
24%
オリックス OB 球威A(88) 山口高志
18%
オリックス OB スタミナA(88) 鈴木啓示
15%
No matching quizzes found
Score Distribution
Percent of People with Each Score
Percentile by Number Answered
Your Score History
You have not taken this quiz since the last reset